European Countries With Lowest % Foreign-Born Population - Statistics

General Stats
  • This quiz has been taken 140 times
  • The average score is 8 of 10
Answer Stats
% Foreign-Born Population Country % Correct
0.9 226,943 Romania
89%
3.3 177,190 Slovakia
88%
1.6 619,403 Poland
86%
4.7 449,632 Hungary
82%
1.2 102,113 Bulgaria
81%
4.0 405,093 Czech Republic
81%
4.9 136,036 Lithuania
77%
3.1 57,616 Albania
75%
0.6 34,803 Bosnia and Herzegovina
74%
5.4 315.881 Finland
69%
No matching quizzes found
Score Distribution
Percent of People with Each Score
Percentile by Number Answered
Your Score History
You have not taken this quiz